| 000 | 00710na a2200229 4500 | ||
|---|---|---|---|
| 001 | 24013 | ||
| 003 | MIRAKIL | ||
| 005 | 20181213155326.0 | ||
| 008 | 180219b tu 000 0 | ||
| 040 |
_aMilas _btur _cTR-AnCHP |
||
| 041 | _atur | ||
| 082 |
_a379.561 _bT64a 2017 |
||
| 090 | _a379.561 T64a 2017 | ||
| 100 | _aTok, Süreyya | ||
| 245 |
_aAtatürk önderliğindeki Türk aydınlanma devrimi sürecinde köy enstitüleri _cSüreyya Tok |
||
| 260 |
_aİstanbul _bDerlem yayınları _c2017 _fMatsis Matbaa |
||
| 300 |
_a291 s. _bfotğ. _c22 sm. |
||
| 500 | _aYapıt yazarından imzalıdır. | ||
| 650 |
_aTürkiye _xAydınlanma |
||
| 650 |
_aKöy enstitüleri _xTürkiye _xTarih |
||
| 942 |
_2ddc _cBKS |
||
| 999 |
_c10578 _d10578 |
||